| 000 | 00475nam a2200145 a 4500 | ||
|---|---|---|---|
| 001 | 1388 | ||
| 003 | CDMR | ||
| 005 | 20151016130001.0 | ||
| 008 | 130130s1988||||||||||||||||||||||||||||d | ||
| 040 |
_aCDMR _bcat _cCDMR |
||
| 110 | 2 |
_9144 _aUniversitat Autònoma de Barcelona _b -- Facultat de Ciències de la Informació |
|
| 245 | 1 | 0 |
_aGuia dels ensenyaments de cinquè curs, 1988-1989 _b: periodisme |
| 260 |
_aBarcelona _c1988 _bUniversitat Autònoma de Barcelona |
||
| 942 |
_cMON _2udc |
||
| 999 |
_c1388 _d1388 |
||